000 00492 a2200205 4500
005 20240517142940.0
010 _aB-759103
020 _a97893547185
_c350.00
035 _aB-759103
037 _bGift
082 _aN
100 _aAlexander, K.R
_966357
245 _aThe Fear Zone/
_cK.R. Alexander
260 _aUK
_bScholastic
_c2023
270 _aUK
_bUK
300 _a296 p.
_c19cm (Pb)
700 _966330
942 _adpl
_cCH
_2ddc
_hN
_mALE
999 _c202955
_d202955